000 00328nam a2200133Ia 4500
008 231129s9999||||xx |||||||||||||| ||spa||
020 _a84-345-8169-8
040 _bspa
082 _a920 o62j
100 _aOppermann Hans
245 0 _aJulio Cesar
264 _aSalvat
942 _2ddc
_cBKS
999 _c16275
_d16275